संस्मृतियाँ : (क्रान्तिकारी शहीदों के संस्मरणात्मक रेखाचित्र) / (Record no. 12148)
[ view plain ]
| 000 -LEADER | |
|---|---|
| fixed length control field | 01258 a2200217 4500 |
| 005 - DATE AND TIME OF LATEST TRANSACTION | |
| control field | 20080827163347.0 |
| 008 - FIXED-LENGTH DATA ELEMENTS--GENERAL INFORMATION | |
| fixed length control field | 080827t xxu||||| |||| 00| 0 hin d |
| 010 ## - LIBRARY OF CONGRESS CONTROL NUMBER | |
| LC control number | HIN-83321 |
| 020 ## - INTERNATIONAL STANDARD BOOK NUMBER | |
| Terms of availability | 200.00 |
| International Standard Book Number | 8188675016 |
| 035 ## - SYSTEM CONTROL NUMBER | |
| System control number | HN-55667 |
| 037 ## - SOURCE OF ACQUISITION | |
| Source of stock number/acquisition | पु.प्र.अ.प्र / प्रका |
| 082 ## - DEWEY DECIMAL CLASSIFICATION NUMBER | |
| Classification number | 954.0841 |
| 100 ## - MAIN ENTRY--PERSONAL NAME | |
| Personal name | वर्मा, शिव |
| 245 ## - TITLE STATEMENT | |
| Title | संस्मृतियाँ : (क्रान्तिकारी शहीदों के संस्मरणात्मक रेखाचित्र) / |
| Statement of responsibility, etc | शिव वर्मा |
| 246 ## - VARYING FORM OF TITLE | |
| Title proper/short title | Sansmritiyan : ( Krantikari shaheedon ke sansmaranatmak rekhchitra ) / |
| Remainder of title | by Shiv Verma |
| 260 ## - PUBLICATION, DISTRIBUTION, ETC. (IMPRINT) | |
| Place of publication, distribution, etc | दिल्ली |
| Name of publisher, distributor, etc | लोक प्रकाशन गृह |
| Date of publication, distribution, etc | 2007 |
| 270 ## - ADDRESS | |
| Address | बी-131, गली नं.2, सादतपुर |
| City | दिल्ली |
| Postal code | 110094 |
| Telephone number | 2269962 |
| 300 ## - PHYSICAL DESCRIPTION | |
| Extent | 167पृ |
| Dimensions | 22 सेमी (सजिल्द) |
| Other physical details | सचित्र |
| 942 ## - ADDED ENTRY ELEMENTS (KOHA) | |
| Institution code [OBSOLETE] | dpl |
| Koha item type | Hindi Books |
| Call number prefix | 954.0841 / वर्माशि |
| Source of classification or shelving scheme | Dewey Decimal Classification |
| Classification part | 954.0841 |
| Call number suffix | वर्माशि |
| Withdrawn status | Lost status | Damaged status | Not for loan | Home library | Current library | Date acquired | Cost, normal purchase price | Total Checkouts | Full call number | Barcode | Date last seen | Copy number | Uniform Resource Identifier | Cost, replacement price | Price effective from | Koha item type |
|---|---|---|---|---|---|---|---|---|---|---|---|---|---|---|---|---|
| D.B.Act.Division | D.B.Act.Division | 200.00 | 954.0841 वर्माशि | HN-55667 | 15/09/2008 | 1 | 13309 | 200.00 | 15/09/2008 | Hindi Books |
